<?xml version="1.0" encoding="UTF-8"?><?xml-stylesheet type="text/xsl" href="static/style.xsl"?><OAI-PMH xmlns="http://www.openarchives.org/OAI/2.0/" xmlns:xsi="http://www.w3.org/2001/XMLSchema-instance" xsi:schemaLocation="http://www.openarchives.org/OAI/2.0/ http://www.openarchives.org/OAI/2.0/OAI-PMH.xsd"><responseDate>2026-04-28T19:17:55Z</responseDate><request verb="GetRecord" identifier="oai:uvadoc.uva.es:10324/3403" metadataPrefix="marc">https://uvadoc.uva.es/oai/request</request><GetRecord><record><header><identifier>oai:uvadoc.uva.es:10324/3403</identifier><datestamp>2021-09-20T06:33:11Z</datestamp><setSpec>com_10324_38</setSpec><setSpec>col_10324_787</setSpec></header><metadata><record xmlns="http://www.loc.gov/MARC21/slim" xmlns:doc="http://www.lyncode.com/xoai" xmlns:xsi="http://www.w3.org/2001/XMLSchema-instance" xmlns:dcterms="http://purl.org/dc/terms/" xsi:schemaLocation="http://www.loc.gov/MARC21/slim http://www.loc.gov/standards/marcxml/schema/MARC21slim.xsd">
<leader>00925njm 22002777a 4500</leader>
<datafield tag="042" ind1=" " ind2=" ">
<subfield code="a">dc</subfield>
</datafield>
<datafield tag="720" ind1=" " ind2=" ">
<subfield code="a">Chasco Aristimuño, Javier Eloy</subfield>
<subfield code="e">author</subfield>
</datafield>
<datafield tag="260" ind1=" " ind2=" ">
<subfield code="c">2012</subfield>
</datafield>
<datafield tag="520" ind1=" " ind2=" ">
<subfield code="a">A lo largo de esta memoria se expone el trabajo realizado en el Convenio-&#xd;
Programa Master oficial de estudiantes de la universidad de Valladolid en la&#xd;
empresa/entidad RENAULT ESPAÑA, S.A. “para el desarrollo de un programa de&#xd;
cooperación educativa”.&#xd;
El contenido de las prácticas ha consistido en la realización de una base de datos&#xd;
de las centrales de filtración existentes en la Factoría de Motores de Valladolid con el&#xd;
objetivo de comparar la situación disponible (teórica) con la necesaria (real) y, de este&#xd;
modo, optimizar el funcionamiento de las mismas. Además, se ha colaborado con otros&#xd;
departamentos en la resolución de no conformidades relacionadas con dichas centrales&#xd;
de filtración.</subfield>
</datafield>
<datafield tag="024" ind2=" " ind1="8">
<subfield code="a">http://uvadoc.uva.es/handle/10324/3403</subfield>
</datafield>
<datafield ind1=" " ind2=" " tag="653">
<subfield code="a">Automóviles</subfield>
</datafield>
<datafield ind1=" " ind2=" " tag="653">
<subfield code="a">Motores</subfield>
</datafield>
<datafield tag="245" ind1="0" ind2="0">
<subfield code="a">Empleo de centrales de iluminación para reciclar el líquido de corte y devalorizar la viruta</subfield>
</datafield>
</record></metadata></record></GetRecord></OAI-PMH>